Meyrick Estate Management Ltd and others v. Secretary of State for Environment, Food and Rural Affairs (Record no. 78404)
[ view plain ]
| 000 -LEADER | |
|---|---|
| fixed length control field | 02052cab a2200205 4500 |
| 001 - CONTROL NUMBER | |
| control field | L136693 |
| 008 - FIXED-LENGTH DATA ELEMENTS--GENERAL INFORMATION | |
| fixed length control field | 070215n2007 000 0 eng u |
| 035 ## - SYSTEM CONTROL NUMBER | |
| System control number | (Sirsi) u136693 |
| 041 0# - LANGUAGE CODE | |
| Language code of text/sound track or separate title | eng |
| 245 00 - TITLE STATEMENT | |
| Title | Meyrick Estate Management Ltd and others v. Secretary of State for Environment, Food and Rural Affairs |
| Medium | [electronic resource] |
| 260 ## - PUBLICATION, DISTRIBUTION, ETC. | |
| Date of publication, distribution, etc. | 2007 |
| 520 ## - SUMMARY, ETC. | |
| Summary, etc. | [2007] EWCA Civ 53, 01 February. The appellant secretary of state appealed against a decision quashing in part an order confirming the designation of land in the New Forest as a National Park. The respondent estate management company had originally objected to an order by the Countryside Agency to designate the whole of the New Forest as a National Park when the criteria for such a designation depended upon the site meeting the criteria for natural beauty and opportunities for open-air recreation as prescribed in the National Parks and Access to the Countryside Act 1949. As the estate management company owned 800 acres of the estate through which there would be no public access and also for the reason that this particular area had no special natural beauty, the original objection had been upheld. The secretary of state argued that the term "opportunities...for open-air recreation" should also include opportunities that may exist in the future as well as those that already exist. "Held": it was far from self evident that it was possible to promote opportunities for the understanding and enjoyment of the area's special qualities by the public in the absence of public access. It was unnecessary to consider the natural beauty criterion. Appeal dismissed. |
| 590 ## - LOCAL NOTE (RLIN) | |
| Local note | KA |
| 650 24 - SUBJECT ADDED ENTRY--TOPICAL TERM | |
| Topical term or geographic name entry element | MEYRICK ESTATE MANAGEMENT LTD AND OTHERS V SECRETARY OF STATE FOR ENVIRONMENT, FOOD AND RURAL AFFAIRS |
| 650 24 - SUBJECT ADDED ENTRY--TOPICAL TERM | |
| Topical term or geographic name entry element | NATIONAL PARKS AND ACCESS TO THE COUNTRYSIDE ACT 1949 |
| 651 #4 - SUBJECT ADDED ENTRY--GEOGRAPHIC NAME | |
| Geographic name | England |
| Chronological subdivision | 886- |
| 690 ## - LOCAL SUBJECT ADDED ENTRY--TOPICAL TERM (OCLC, RLIN) | |
| Topical term or geographic name as entry element | Boundary disputes |
| 9 (RLIN) | 6221 |
| 856 40 - ELECTRONIC LOCATION AND ACCESS | |
| Uniform Resource Identifier | <a href="https://www.bailii.org/ew/cases/EWCA/Civ/2007/53.html">https://www.bailii.org/ew/cases/EWCA/Civ/2007/53.html</a> |
| Public note | View the decision free of charge at www.bailii.org... |
| 942 ## - ADDED ENTRY ELEMENTS (KOHA) | |
| Suppress in OPAC | 0 |
| Withdrawn status | Lost status | Source of classification or shelving scheme | Damaged status | Not for loan | Home library | Current library | Shelving location | Date acquired | Total Checkouts | Full call number | Barcode | Date last seen | Copy number | Price effective from | Koha item type |
|---|---|---|---|---|---|---|---|---|---|---|---|---|---|---|---|
| Dewey Decimal Classification | Virtual | Virtual | Online | 15/02/2007 | ONLINE PUBLICATION | 136693-1001 | 06/08/2019 | 1 | 06/08/2019 | Law report |